| 000 | 00646nam a2200301Ia 4500 | ||
|---|---|---|---|
| 005 | 20260401122348.0 | ||
| 008 | 008 250103s9999 xx 000 0 eng d | ||
| 020 | _a826460720 | ||
| 037 | _aTB | ||
| 040 | _aEDL | ||
| 040 | _beng | ||
| 040 | _cEDL | ||
| 041 | _2eng | ||
| 041 | _aeng | ||
| 084 | _a194 HIG | ||
| 084 | _qEDL | ||
| 100 |
_aHighmore, Ben _91233364 |
||
| 245 | 0 | _aMichel De Certeau: Analysing Culture | |
| 245 | 0 | _cHighmore, Ben | |
| 260 | _aLondon | ||
| 260 | _bContinuum | ||
| 260 | _c2006 | ||
| 300 | _a188p | ||
| 942 | _cTB | ||
| 942 | _h194 HIG | ||
| 999 |
_c1846775 _d1846775 |
||